000
00296nam a2200109Ia 4500
008
190216s9999||||xx |||||||||||||| ||und||
100
_a
Pillai R S N&Amp; Bagavathi
245
0
_a
Commercial Correspondence And Office Management
260
_b
Sulthan Chand&Sons
_c
1997
300
_a
472p
942
_c
BK
999
_c
5795
_d
5795